LIBRARY & INFORMATION CENTRE, KCAET, TAVANUR

ONLINE PUBLIC ACCESS CATALOGUE (OPAC)

Land and stream salinity / (Record no. 9420)

MARC details
000 -LEADER
fixed length control field 00504cam a2200193ua 4500
020 ## - INTERNATIONAL STANDARD BOOK NUMBER
ISBN 0 444 419939 3
041 ## - LANGUAGE CODE
Language code of text/sound track or separate title eng
082 ## - DEWEY DECIMAL CLASSIFICATION NUMBER
Classification number 631.42
Item number HOL/LA
100 ## - MAIN ENTRY--AUTHOR NAME
Personal name Holmer, J W .
245 ## - TITLE STATEMENT
Title Land and stream salinity /
250 ## - EDITION STATEMENT
Edition statement 1 /
260 ## - PUBLICATION, DISTRIBUTION, ETC. (IMPRINT)
Place of publication New York :
Name of publisher Elsevier Scientific Publishing Company ,
Year of publication 1981.
300 ## - PHYSICAL DESCRIPTION
Number of Pages 391 ; .
700 1# - ADDED ENTRY--PERSONAL NAME
Personal name Talsma, T .
942 ## - ADDED ENTRY ELEMENTS (KOHA)
Koha item type Books
Holdings
Withdrawn status Lost status Damaged status Home library Current library Date acquired Full call number Accession Number Koha item type
      KAUAET KAUAET 02/09/1986 631.42 15645 Books
free website counter